Buffy Two Word Episode Titles Quiz Stats

 Plays Quiz not verified by Sporcle

Challenge
Share
Tweet
Embed
Score 0/41 Timer 15:00
0 Plays Today
Season Episode % Correct
1The Harvest
96.8%
1Prophecy Girl
96.8%
1The Pack
94.3%
3Graduation Day
94.3%
3Graduation Day
94.3%
1Teacher's Pet
93.8%
4The Freshman
93.4%
5The Gift
91.6%
2Go Fish
91.2%
3Bad Girls
91.1%
2School Hard
90.6%
6Seeing Red
90.4%
4Living Conditions
89.7%
5Real Me
88.7%
2Bad Eggs
88.4%
4Fear Itself
88.4%
6Tabula Rasa
88.2%
3The Prom
87.9%
4Beer Bad
87.9%
5The Body
87.5%
7Dirty Girls
87.4%
Season Episode % Correct
7Beneath You
86.7%
4The Initiative
86.2%
2Reptile Boy
85.7%
6Life Serial
85.7%
4Something Blue
85.4%
3The Wish
85.2%
6After Life
84.7%
6Doublemeat Palace
83.7%
3Lovers Walk
83.5%
3The Zeppo
82.7%
4Goodbye Iowa
82.2%
6Hell's Bells
81.8%
5The Replacement
81.5%
6Normal Again
81%
3Band Candy
80.5%
7Empty Places
79.1%
6Dead Things
76.4%
5Blood Ties
75.6%
7First Date
72.9%
5Tough Love
72.2%

You're not logged in!

Compare scores with friends on all Sporcle quizzes.
Join for Free
OR
Log In

You Might Also Like...

Show Comments

Extras

Top Quizzes Today


Score Distribution

Your Account Isn't Verified!

In order to create a playlist on Sporcle, you need to verify the email address you used during registration. Go to your Sporcle Settings to finish the process.

Report this User

Report this user for behavior that violates our Community Guidelines.

Details: